<?xml version="1.0" encoding="UTF-8"?><?xml-stylesheet type="text/xsl" href="static/style.xsl"?><OAI-PMH xmlns="http://www.openarchives.org/OAI/2.0/" xmlns:xsi="http://www.w3.org/2001/XMLSchema-instance" xsi:schemaLocation="http://www.openarchives.org/OAI/2.0/ http://www.openarchives.org/OAI/2.0/OAI-PMH.xsd"><responseDate>2026-04-26T20:25:34Z</responseDate><request verb="GetRecord" identifier="oai:uvadoc.uva.es:10324/28007" metadataPrefix="marc">https://uvadoc.uva.es/oai/request</request><GetRecord><record><header><identifier>oai:uvadoc.uva.es:10324/28007</identifier><datestamp>2021-12-17T09:24:45Z</datestamp><setSpec>com_10324_38</setSpec><setSpec>col_10324_852</setSpec></header><metadata><record xmlns="http://www.loc.gov/MARC21/slim" xmlns:doc="http://www.lyncode.com/xoai" xmlns:xsi="http://www.w3.org/2001/XMLSchema-instance" xmlns:dcterms="http://purl.org/dc/terms/" xsi:schemaLocation="http://www.loc.gov/MARC21/slim http://www.loc.gov/standards/marcxml/schema/MARC21slim.xsd">
<leader>00925njm 22002777a 4500</leader>
<datafield tag="042" ind1=" " ind2=" ">
<subfield code="a">dc</subfield>
</datafield>
<datafield tag="720" ind1=" " ind2=" ">
<subfield code="a">García Jimeno, María</subfield>
<subfield code="e">author</subfield>
</datafield>
<datafield tag="260" ind1=" " ind2=" ">
<subfield code="c">2017</subfield>
</datafield>
<datafield tag="520" ind1=" " ind2=" ">
<subfield code="a">El archivo nace de forma natural, a medida que una institución produce documentos al ejecutar las actividades necesarias para desempeñar las funciones y competencias que le incumben. Como tales testimonios los documentos han de ser puestos a disposición de los usuarios internos y externos del archivo. Y de esa manera este cumple con la función de servicio, que se logra, entre otras, con la tarea de la descripción. En este trabajo abordamos el proyecto de&#xd;
descripción del Archivo Municipal de Benavente, que sobre todo, tras la organización que se hace del mismo en el año 2000, cuenta con unos instrumentos de descripción que permiten, tanto al propio ayuntamiento como a los ciudadanos e investigadores, el acceso a la información.</subfield>
</datafield>
<datafield tag="520" ind1=" " ind2=" ">
<subfield code="a">The archive is born in a natural process, as the institutions produce documents with the activities needed to fulfill their role. These documents must be made available to both internal and external users of the archive. This way the archive fulfills its role as a service, that is achieved by the task of description among others. In this paper we approach the Project of description of Benavente’s Municipal Archive, that after its organization in 2000 has the description tools allowing the city hall and both citizens and researchers to access the information it contains.</subfield>
</datafield>
<datafield tag="024" ind2=" " ind1="8">
<subfield code="a">http://uvadoc.uva.es/handle/10324/28007</subfield>
</datafield>
<datafield tag="245" ind1="0" ind2="0">
<subfield code="a">La descripción de documentos en el Archivo Municipal de Benavente</subfield>
</datafield>
</record></metadata></record></GetRecord></OAI-PMH>